[Event "45th FIDE Chess Olympiad Open"]
[Site "Budapest, Hungary"]
[Date "2024.09.11"]
[Round "1.104"]
[White "Pg. Shahridin, Ak. Abdul Wafie"]
[Black "Lavrencic, Matic"]
[Result "0-1"]
[WhiteElo "1912"]
[BlackElo "2360"]
[PlyCount "77"]
[EventDate "2024.??.??"]
[WhiteTeam "Brunei Darussalam"]
[BlackTeam "Slovenia"]
[BlackTeamCountry "SLO"]
[WhiteClock "0:00:45"]
[BlackClock "0:09:12"]

1. d4 Nf6 2. Nc3 d5 3. Bf4 a6 4. e3 e6 5. Nf3 c5 6. dxc5 Bxc5 7. Bd3 Nc6 8. h3 ({RR} 8. O-O O-O 9. e4 h6 10. e5 Nd7 11. Re1 f5 12. h4 Be7 13. h5 Qe8 14. Nh2 Bg5 15. g3 b5 16. Bf1 Bb7 17. Bg2 Kh8 18. a3 Rc8 19. Kh1 Na5 20. Ne2 Qxh5 21. Nd4 Qxd1 22. Raxd1 Rfe8 {Hong,A (2542)-Nakamura,H (2789) chess.com INT 2024 0-1 (45)}) ({RR} 8. O-O O-O 9. e4 d4 10. Ne2 h6 11. a3 Nh5 12. Qd2 Nxf4 13. Nxf4 e5 14. Nd5 Be6 15. Rfe1 f5 16. b4 fxe4 17. Bxe4 Ba7 18. c4 dxc3 19. Nxc3 Qxd2 {0-1 (19) Zavgorodniy,S (2379)-Firman,N (2479) chess.com INT 2024}) 8... O-O 9. O-O h6 10. a3 $146 ({RR} 10. e4 dxe4 11. Nxe4 Nxe4 12. Bxe4 Qf6 13. Bg3 Qxb2 14. Qe2 Bd7 15. Rab1 Qc3 16. Rxb7 Be8 17. Rfb1 Rc8 18. Qxa6 Nd4 19. Nxd4 Qxd4 20. Bf3 Qa4 21. Qe2 Bc6 22. Be4 Bd5 23. Bxd5 Rc6 {1-0 (23) Liyanage,R (2331)-Singh,O (2382) Delhi IND 2022}) ({RR} 10. e4 dxe4 11. Nxe4 Nxe4 12. Bxe4 Qf6 13. Qc1 Rd8 14. c3 Bd7 15. b4 Ba7 16. Bc7 Rdc8 17. Bd6 e5 18. Qd2 Re8 19. Rfe1 Rac8 20. Rad1 Red8 21. Nxe5 Nd4 22. Bxb7 Qxd6 23. Bxc8 Bxc8 24. cxd4 Qd5 {Pershin,D (2353)-Cherepov,A (2122) St Petersburg 2017 1-0 (39)}) ({RR} 10. e4 d4 11. Ne2 Qe7 12. e5 Nd5 13. Bh2 f5 14. exf6 Qxf6 15. Ng3 Bd6 16. Kh1 Bxg3 17. Bxg3 Nf4 18. Be4 Bd7 19. c3 Rad8 20. cxd4 Be8 21. Qc2 Rc8 22. Qd2 Rd8 23. Rad1 Bh5 24. Qe3 Nxh3 {Haydon,D (2230)-Gurevich,D (2371) chess.com INT 2023 1-0}) 10... Re8 11. e4 d4 12. Ne2 e5 13. Bd2 Be6 14. Qc1 Rc8 15. Ng3 Bf8 16. Nh2 Nd7 17. Qd1 Nc5 18. b4 Na4 19. f4 exf4 20. Bxf4 Bd6 21. Qh5 Bxf4 22. Rxf4 Qg5 23. Qf3 Ne5 24. Qf2 Nb2 25. h4 Qd8 26. Qe2 Rc3 27. Raf1 Nbxd3 28. cxd3 Nxd3 29. Rf6 Nc1 30. Qd2 Rxg3 31. Qxc1 gxf6 32. Qxh6 d3 33. Nf3 Rg6 34. Qf4 Bg4 35. Nd2 Qd4+ 36. Kh1 Be2 37. Rc1 Rg4 38. Qh6 Qf2 39. Rg1 0-1

[Event "45th FIDE Chess Olympiad Open"]
[Site "Budapest, Hungary"]
[Date "2024.09.11"]
[Round "1.105"]
[White "Mfune, Petros"]
[Black "Brkic, Ante"]
[Result "0-1"]
[WhiteElo "1986"]
[BlackElo "2642"]
[PlyCount "106"]
[EventDate "2024.??.??"]
[WhiteTeam "Malawi"]
[BlackTeam "Croatia"]
[WhiteTeamCountry "MWI"]
[BlackTeamCountry "CRO"]
[WhiteClock "0:22:48"]
[BlackClock "0:26:35"]

1. e4 c5 2. Nf3 d6 3. d4 cxd4 4. Nxd4 Nf6 5. Nc3 a6 6. Be3 e5 7. Nb3 Be7 8. Be2 Be6 9. O-O O-O 10. Nd5 Nbd7 11. Nxe7+ ({RR} 11. Qd3 Re8 12. c4 Bf8 13. f3 Rc8 14. Rac1 Nh5 15. Qd2 g6 16. Na5 Rb8 17. b4 Bxd5 18. cxd5 Nf4 19. Bc4 Qf6 20. g3 Nh5 21. Be2 Be7 22. Rc7 Nf8 23. Nxb7 Bd8 24. Nxd8 Qxd8 25. Rc6 f5 {Efimenko,Z (2648)-Adly,A (2594) Dubai 2014 ½-½ (43)}) 11... Qxe7 12. Bf3 Rfd8 ({RR} 12... Rac8 13. Re1 Rfd8 14. h3 h6 15. Qd2 Nf8 16. Bb6 Rd7 17. Ba5 Ng6 18. c3 d5 19. exd5 Nxd5 20. Bxd5 Rxd5 21. Qe3 Nf4 22. Kh2 Qd7 23. Qg3 Rc6 24. Qf3 Nd3 25. Re2 b6 26. c4 Rxc4 27. Bxb6 {Kostic,V (2167)-Petrov,M (2500) Germany GER 2024 0-1}) 13. Qe2 Rac8 $146 ({RR} 13... d5 14. exd5 Bxd5 15. Bg5 e4 16. Bg4 Qe5 17. Bxd7 Qxg5 18. Bh3 Bxb3 19. axb3 Rd2 20. Qc4 Rad8 21. Bc8 e3 22. fxe3 Qxg2# {0-1 (22) Kecap,F (1988)-Cerovic,D (2157) Obrenovac 2004}) 14. Rfd1 h6 15. Qd2 Nf8 16. Bb6 Rd7 17. Rac1 Ng6 18. g3 d5 19. exd5 Bxd5 20. Bxd5 Rxd5 21. Qe2 Qe6 22. Rxd5 Nxd5 23. Ba5 Qf5 24. c4 Nf6 25. f3 h5 26. Nd2 h4 27. Ne4 hxg3 28. Nxf6+ Qxf6 29. hxg3 Qg5 30. Qe1 Nh4 31. Kf2 Nf5 32. g4 Nd4 33. Qe3 Nxf3 34. Qxg5 Nxg5 35. b3 Kf8 36. Ke3 Ke8 37. Rh1 f6 38. Rh8+ Kd7 39. Rxc8 Kxc8 40. Be1 Kd7 41. Bh4 Nf7 42. Ke4 Ke6 43. Be1 g6 44. Bh4 f5+ 45. gxf5+ gxf5+ 46. Kd3 f4 47. c5 Kd5 48. Be7 e4+ 49. Ke2 e3 50. b4 Ke4 51. a4 f3+ 52. Ke1 Ne5 53. Kf1 e2+ 0-1

[Event "45th FIDE Chess Olympiad Open"]
[Site "Budapest, Hungary"]
[Date "2024.09.11"]
[Round "1.106"]
[White "Martinovic, Sasa"]
[Black "Mwale, Joseph"]
[Result "1-0"]
[WhiteElo "2563"]
[BlackElo "2063"]
[PlyCount "141"]
[EventDate "2024.??.??"]
[WhiteTeam "Croatia"]
[BlackTeam "Malawi"]
[WhiteTeamCountry "CRO"]
[BlackTeamCountry "MWI"]
[WhiteClock "0:00:55"]
[BlackClock "0:13:04"]

1. d4 e6 2. c4 Nf6 3. Nc3 Bb4 4. e3 d5 5. a3 Bxc3+ 6. bxc3 c5 7. cxd5 exd5 8. Bd3 Nc6 9. Ne2 O-O 10. f3 Re8 11. O-O Rb8 ({RR} 11... Be6 12. Bd2 Rc8 13. Be1 cxd4 14. cxd4 Bd7 15. Qd2 b6 16. Bh4 Qe7 17. Bf2 Na5 18. Qb4 Nc4 19. Qxe7 Rxe7 20. Bxc4 Rxc4 21. Rfc1 Bb5 22. Nc3 Bc6 23. Nd1 Rxc1 24. Rxc1 Re6 25. Nb2 h6 26. g4 {Aleksandrov,A (2574)-Zhang,Z (2645) Doha 2016 ½-½ (64)}) 12. Nf4 $146 ({RR} 12. Ng3 b5 13. Re1 a5 14. Bb2 Qb6 15. Qd2 Be6 16. Rab1 Qa7 17. Ra1 Qb6 18. Bc2 Red8 19. Rad1 b4 20. dxc5 Qxc5 21. cxb4 axb4 22. Bxf6 gxf6 23. Nh5 bxa3 24. Qf2 Kf8 25. Nxf6 Qc3 26. Nxh7+ Ke8 {Sachdev,T (2417)-Liu,Y (2096) Zaozhuang 2012 1-0 (36)}) ({RR} 12. Ng3 h5 13. Ra2 b5 14. Raf2 a5 15. h3 b4 16. axb4 axb4 17. cxb4 c4 18. Bb1 Nxb4 19. e4 h4 20. Ne2 Ba6 21. Bg5 Nd3 22. e5 Nxf2 23. Rxf2 Qb6 24. Bc2 Nd7 25. f4 f6 26. Bxh4 fxe5 {Bordignon,A (2044)-Deepan,C (2435) Forni di Sopra ITA 2023 1-0 (49)}) ({RR} 12. Rb1 a6 13. a4 Bd7 14. Ng3 Qc7 15. Kh1 g6 16. e4 cxd4 17. cxd4 Be6 18. e5 Nd7 19. Ba3 Qa5 20. Bd6 Rbc8 21. f4 Nxd4 22. f5 Nxf5 23. Nxf5 gxf5 24. Rxf5 Nf8 25. Bb4 Qd8 26. Rh5 Ng6 {Greet,A (2392)-Mwale,J (2131) Chennai 2022 1-0 (59)}) ({RR} 12. Rf2 Qc7 13. g4 b5 14. Ng3 Ne7 {½-½ (14) Hoeksema,H (2405)-Sosonko,G (2535) Eindhoven 1993}) ({RR} 12. Re1 b5 13. Ng3 a5 14. Bb2 h5 15. Qd2 h4 16. Nf5 c4 17. Bc2 Nh5 18. Qf2 g5 19. g4 Bxf5 20. Bxf5 Ng7 21. Bc2 b4 22. axb4 axb4 23. Kh1 b3 24. Bb1 Rb7 25. Ra6 Qc8 26. Ra4 Ne7 {Kantorik,M (2251)-Vojtek,V (2336) Slovakia 2014 0-1 (45)}) 12... b5 13. g4 a5 14. h4 b4 15. axb4 axb4 16. g5 Nd7 17. Nxd5 bxc3 18. Be4 Nf8 19. dxc5 Bh3 20. Rf2 Ne6 21. Nxc3 Nxc5 22. Qxd8 Nxd8 23. Rb2 Rxb2 24. Bxb2 Nxe4 25. Nxe4 Nc6 26. Kf2 Nb4 27. Bc3 Nd5 28. Bd4 Rc8 29. Ra7 Rc7 30. Ra5 Ne7 31. Nd6 Bd7 32. e4 Nc8 33. Ra8 h6 34. gxh6 gxh6 35. f4 Kh7 36. f5 Kg8 37. Ke3 Kf8 38. Bf6 Rc6 39. e5 Rc1 40. Rb8 Rc7 41. Kf4 Kg8 42. Kg4 Kh7 43. Kh5 Ba4 44. Kg4 Bd7 45. h5 Kg8 46. Kf4 Kf8 47. Ke4 Rc1 48. Kd4 Rd1+ 49. Ke3 Rc1 50. Kd2 Rc7 51. Kd3 Rc1 52. Rb7 Nxd6 53. Rxd7 Ne8 54. Be7+ Kg8 55. Ra7 Rc8 56. Ra1 Ng7 57. Ke4 Nxh5 58. f6 Ng3+ 59. Kf4 Ne2+ 60. Ke3 Nc3 61. Kd4 Nb5+ 62. Ke4 Nc3+ 63. Kf5 Nd5 64. Rg1+ Kh8 65. e6 fxe6+ 66. Kxe6 Nf4+ 67. Kd7 Ra8 68. f7 Ra7+ 69. Kd6 Ra6+ 70. Ke5 Ne6 71. Rg6 1-0

[Event "45th FIDE Chess Olympiad Open"]
[Site "Budapest, Hungary"]
[Date "2024.09.11"]
[Round "1.107"]
[White "Chipanga, Chiletso"]
[Black "Livaic, Leon"]
[Result "0-1"]
[WhiteElo "2089"]
[BlackElo "2550"]
[PlyCount "94"]
[EventDate "2024.??.??"]
[WhiteTeam "Malawi"]
[BlackTeam "Croatia"]
[WhiteTeamCountry "MWI"]
[BlackTeamCountry "CRO"]
[WhiteClock "0:20:27"]
[BlackClock "0:13:43"]

1. e4 c5 2. Nf3 Nc6 3. c3 Nf6 4. e5 Nd5 5. Bc4 Nb6 6. Bb3 c4 7. Bc2 d5 ({RR} 7... Qc7 8. O-O Nxe5 9. Nxe5 Qxe5 10. a4 e6 11. a5 Nd5 12. d3 cxd3 13. Qxd3 Nf4 14. Bxf4 Qxf4 15. Na3 Be7 16. Rfd1 g6 17. g3 Qb8 18. Nb5 d5 19. c4 O-O 20. cxd5 exd5 21. Nc3 Be6 22. Nxd5 {Savchenko,B (2559)-Mamedov,R (2660) Nakhchivan 2014 ½-½ (40)}) 8. h3 ({RR} 8. d4 cxd3 9. Bxd3 Bg4 10. Nbd2 e6 11. h3 Bxf3 12. Nxf3 Be7 13. O-O O-O 14. Re1 Nd7 15. Bf4 Qb6 16. Qc2 h6 17. Rad1 Rfc8 18. Qb1 a5 19. Bg3 a4 20. a3 Nc5 21. Bc2 Na5 22. Nd4 Nc4 {Fronda,J (2072)-Padmini,R (2348) FIDE Online Arena INT 2024 1-0 (41)}) 8... Qc7 $146 ({RR} 8... g6 9. O-O Bg7 10. Re1 Qc7 11. Qe2 Be6 12. Na3 Nd7 13. Nb5 Qb6 14. Nfd4 Nxd4 15. Nxd4 Bxe5 16. Nxe6 Qxe6 17. d4 cxd3 18. Bxd3 Bf6 19. Qxe6 fxe6 20. Rxe6 Ne5 {0-1 (20) Lange,D-Freisler,P (2270) Prague 1990}) ({RR} 8... d4 9. d3 dxc3 10. Nxc3 Bf5 11. dxc4 Qxd1+ 12. Bxd1 Nxc4 13. Ba4 Bd7 14. e6 Bxe6 15. Nb5 O-O-O 16. O-O Bd5 17. Nfd4 Nxd4 18. Nxd4 e5 19. Nf5 Be6 20. Ne3 Nb6 21. Bc2 g6 22. Ng4 Bg7 23. Bg5 {Savic,M (2587)-Marinkovic,I (2514) Belgrade 2015 ½-½ (50)}) ({RR} 8... g6 9. O-O Bg7 10. Re1 Nd7 11. e6 fxe6 12. Ng5 Nde5 13. d4 cxd3 14. Bb3 Qd6 15. f4 Nf7 16. Nxf7 Kxf7 17. Qxd3 Rf8 18. Nd2 Kg8 19. Nf3 Bd7 20. Ng5 Rf5 21. Be3 Raf8 22. Rf1 Bh6 23. h4 {Starostits,I (2494)-Colpe,M (2284) Helsingor 2012 1-0 (43)}) 9. Qe2 Nd7 10. e6 fxe6 11. O-O e5 12. b3 cxb3 13. axb3 e4 14. Ne1 Nf6 15. d3 e5 16. dxe4 d4 17. f4 dxc3 18. fxe5 Nxe5 19. Bf4 Bd6 20. Kh1 O-O 21. Nf3 Nh5 22. Bh2 Nxf3 23. Rxf3 Rxf3 24. Qxf3 Bxh2 25. Qxh5 Qe5 26. Qe2 Be6 27. Na3 Bf4 28. Nc4 Qg5 29. Qf3 Rf8 30. Rf1 Bd6 31. Qe2 Rxf1+ 32. Qxf1 Bc7 33. Qd3 b5 34. Ne3 Qe5 35. Nf1 a5 36. Kg1 Bb6+ 37. Kh1 Qd4 38. Qxd4 Bxd4 39. Ng3 b4 40. Ne2 Be3 41. Bd1 a4 42. bxa4 Bc4 43. Nxc3 bxc3 44. Bc2 Kf7 45. Kh2 Ke6 46. Kg3 Be2 47. a5 Ke5 0-1

[Event "45th FIDE Chess Olympiad Open"]
[Site "Budapest, Hungary"]
[Date "2024.09.11"]
[Round "1.108"]
[White "Stevic, Hrvoje"]
[Black "Mwale, George"]
[Result "1-0"]
[WhiteElo "2531"]
[BlackElo "2056"]
[PlyCount "75"]
[EventDate "2024.??.??"]
[WhiteTeam "Croatia"]
[BlackTeam "Malawi"]
[WhiteTeamCountry "CRO"]
[BlackTeamCountry "MWI"]
[WhiteClock "0:07:12"]
[BlackClock "0:05:53"]

1. e4 c6 2. d4 d5 3. Nc3 dxe4 4. Nxe4 Bf5 5. Ng3 Bg6 6. Nh3 Nf6 7. Nf4 e6 8. h4 Bd6 9. h5 Bf5 10. Nxf5 Qa5+ 11. Bd2 Qxf5 12. Bd3 Qg4 13. Be2 Qf5 14. Bd3 Qg4 15. Qxg4 Nxg4 16. f3 Nf6 17. O-O-O Nbd7 18. g4 O-O-O 19. h6 g6 20. Nh3 $146 ({RR} 20. Bc4 Rhe8 21. Nh3 Nb6 22. Bb3 Rd7 23. a4 Bf8 24. Rde1 Ng8 25. a5 Na8 26. g5 Rxd4 27. Be3 Rd7 28. Nf2 Bb4 29. c3 Bxa5 30. Ng4 Bb6 31. Ne5 Ne7 32. Bxb6 axb6 33. Nxd7 Kxd7 34. Rh4 Nc7 {Felix Vega,A (2016)-Rosales,P (1810) Pocos de Caldas 2013 ½-½ (51)}) 20... Rdf8 21. Rhe1 b5 22. c3 Nd5 23. Kc2 Re8 24. Ng5 Re7 25. a4 a6 26. axb5 axb5 27. Ra1 Kb7 28. Ra2 Bb8 29. b3 Nc7 30. c4 Ba7 31. Bb4 c5 32. Be4+ Kb8 33. Rea1 cxb4 34. Rxa7 Rd8 35. Rb7+ Kc8 36. Raa7 Nf6 37. Bc6 Nfe8 38. cxb5 1-0

[Event "45th FIDE Chess Olympiad Open"]
[Site "Budapest, Hungary"]
[Date "2024.09.11"]
[Round "1.109"]
[White "Vocaturo, Daniele"]
[Black "Van Bemmelen, Ursus"]
[Result "1-0"]
[WhiteElo "2600"]
[BlackElo "2146"]
[PlyCount "43"]
[EventDate "2024.??.??"]
[WhiteTeam "Italy"]
[BlackTeam "Netherlands Antilles"]
[WhiteTeamCountry "ITA"]
[BlackTeamCountry "AHO"]
[WhiteClock "0:44:07"]
[BlackClock "0:15:26"]

1. e4 e6 2. d4 d5 3. e5 c5 4. c3 Qb6 5. Nf3 Bd7 6. Be2 Bb5 7. Bxb5+ Qxb5 8. Na3 Qd7 9. Nc2 Nc6 10. O-O cxd4 11. cxd4 Nge7 12. Qd3 $146 ({RR} 12. h4 h5 13. Qd3 Nf5 14. Bd2 Be7 15. g3 Rc8 16. Rfe1 a6 17. Rac1 Qd8 18. Ne3 Nxe3 19. Rxe3 Qb6 20. Qb1 Kd7 21. Rb3 Qa7 22. Kg2 Rc7 23. Rbc3 g6 24. Qd3 Rhc8 25. Qe3 Nd8 26. Rxc7+ Rxc7 {Jones,G (2666)-Di Benedetto,E (2407) Montesilvano 2022 1-0 (52)}) ({RR} 12. Ne3 Ng6 13. h4 Be7 14. h5 Nh4 15. Nxh4 Bxh4 16. Qg4 Be7 17. Qxg7 O-O-O 18. Qg4 f6 19. exf6 Bxf6 20. Nc2 Rhg8 21. Qh3 Nxd4 22. Nxd4 Bxd4 23. Be3 Bxe3 24. Qxe3 Kb8 25. Rfe1 Qf7 26. Qxe6 Qxh5 {Macovei,A (2479)-Juksta,K (2400) Biel SUI 2024 ½-½ (40)}) ({RR} 12. a3 Na5 13. Nd2 Ng6 14. b4 Nc6 15. Nf3 a6 16. Bd2 Be7 17. Rc1 O-O 18. g3 f6 19. exf6 Rxf6 20. Bg5 Rf7 21. Bxe7 Qxe7 22. Qd2 Raf8 23. Ng5 Rf5 24. f4 h6 25. Nf3 h5 26. Ne3 R5f6 {Neumann,J (1758)-Girona,M (1548) Florianopolis 2019 ½-½ (34)}) ({RR} 12. Ne3 Rc8 13. h4 h6 14. h5 Nf5 15. Nxf5 exf5 16. a3 Be7 17. b4 O-O 18. Qd3 Rc7 19. Bd2 Rfc8 20. Rfc1 a6 21. Rab1 Na7 22. Rxc7 Rxc7 23. Rc1 Rxc1+ 24. Bxc1 Nc8 25. Bf4 b5 26. Nd2 Nb6 {Kushagra,M (2384)-Khoshkalam,S (2279) Rasht IRI 2023 ½-½ (40)}) 12... h5 13. Bg5 Nf5 14. Ne3 Be7 15. Nxf5 exf5 16. Bxe7 Nxe7 17. Ng5 Rh6 18. h4 Rb6 19. Rfe1 Rc8 20. Qe2 g6 21. e6 fxe6 22. Qe5 1-0

[Event "45th FIDE Chess Olympiad Open"]
[Site "Budapest, Hungary"]
[Date "2024.09.11"]
[Round "1.110"]
[White "Capella, Rurik"]
[Black "Lodici, Lorenzo"]
[Result "0-1"]
[WhiteElo "1971"]
[BlackElo "2556"]
[PlyCount "60"]
[EventDate "2024.??.??"]
[WhiteTeam "Netherlands Antilles"]
[BlackTeam "Italy"]
[WhiteTeamCountry "AHO"]
[BlackTeamCountry "ITA"]
[WhiteClock "0:01:44"]
[BlackClock "0:20:53"]

1. e4 c5 2. Nf3 d6 3. c3 Nf6 4. h3 g6 5. Bd3 Bg7 6. Bc2 b5 ({RR} 6... Nc6 7. O-O e5 8. d3 O-O 9. Bg5 h6 10. Bxf6 Bxf6 11. Bb3 Bg7 12. a3 Kh7 13. Ba2 b5 14. Nbd2 Rb8 15. b4 f5 16. Rb1 a6 17. Re1 Qc7 18. Rc1 a5 19. Qb3 Qa7 20. Qb2 axb4 21. axb4 {Martinez Alcantara,J (2610)-Kourkoulos Arditis,S (2556) chess.com INT 2024 1-0 (53)}) 7. O-O Bb7 8. Re1 ({RR} 8. Qe2 O-O 9. d4 cxd4 10. cxd4 b4 11. Nbd2 Nbd7 12. b3 Rc8 13. Bd3 Nh5 14. Qe3 Nc5 15. Bc4 Nxe4 16. Nxe4 d5 17. Bd3 dxe4 18. Bxe4 Bxe4 19. Qxe4 Nf6 20. Qb7 a5 21. Bg5 Nd5 22. Rac1 h6 {Martinez Alcantara,J (2611)-Nihal,S (2692) chess.com INT 2023 ½-½ (87)}) 8... Nc6 $146 ({RR} 8... O-O 9. d4 Nbd7 10. e5 Nd5 11. Qe2 dxe5 12. dxe5 Qb6 13. a4 a6 14. axb5 axb5 15. Rxa8 Bxa8 16. Na3 b4 17. Nc4 Qc6 18. Na5 Qb6 19. Nc4 Qc6 20. cxb4 Nxb4 21. Be4 Qxe4 22. Qxe4 Bxe4 23. Rxe4 {Komut,K (1912)-Karakurt,F (1891) Konya 2019 1-0 (49)}) ({RR} 8... Nbd7 9. d4 e5 10. d5 O-O 11. Nbd2 c4 12. Nf1 Nc5 13. Ng3 h6 14. Be3 Re8 15. b4 cxb3 16. axb3 a6 17. Nd2 Rc8 18. Rc1 Ncd7 19. Bb1 Kh7 20. b4 Nb6 21. Bd3 Nbxd5 22. exd5 Nxd5 23. Qg4 {Martinez Alcantara,J (2591)-Fedoseev,V (2686) Chess.com INT 2022 1-0 (35)}) 9. Qe2 a6 10. a4 b4 11. d4 bxc3 12. e5 dxe5 13. dxe5 cxb2 14. Bxb2 Nd5 15. Nc3 Nxc3 16. Bxc3 O-O 17. Qc4 Rc8 18. Be4 Rc7 19. Rab1 Qc8 20. Rb6 Nb8 21. Reb1 Bxe4 22. Rxb8 Qf5 23. Nh4 Bd3 24. Qd5 Qe4 25. Rxf8+ Bxf8 26. Qd8 Bxb1 27. e6 fxe6 28. Qxc7 Qxh4 29. Qxc5 Qxa4 30. Qe5 Qd1+ 0-1

[Event "45th FIDE Chess Olympiad Open"]
[Site "Budapest, Hungary"]
[Date "2024.09.11"]
[Round "1.111"]
[White "Moroni, Luca Jr"]
[Black "Van Opstal, Rurik"]
[Result "1-0"]
[WhiteElo "2558"]
[BlackElo "2006"]
[PlyCount "57"]
[EventDate "2024.??.??"]
[WhiteTeam "Italy"]
[BlackTeam "Netherlands Antilles"]
[WhiteTeamCountry "ITA"]
[BlackTeamCountry "AHO"]
[WhiteClock "0:43:49"]
[BlackClock "0:00:44"]

1. c4 e5 2. Nc3 Nc6 3. g3 f5 4. Bg2 Bb4 5. Nd5 ({RR} 5. e3 Bxc3 6. bxc3 Nf6 7. Ba3 d6 8. Ne2 O-O 9. O-O f4 10. exf4 Bg4 11. f3 Be6 12. fxe5 Nxe5 13. c5 Nc4 14. Bc1 dxc5 15. Nf4 Bf7 16. Qc2 g5 17. Nh3 Bg6 18. Qb3 Bd3 19. Rd1 Nd7 {Medina,M (2368)-Huang,Y (2048) chess.com INT 2024 1-0 (55)}) 5... Be7 ({RR} 5... Bc5 6. e3 Nf6 7. Ne2 O-O 8. d4 Be7 9. dxe5 Nxe5 10. b3 d6 11. Bb2 Nxd5 12. cxd5 Bf6 13. Nd4 c5 14. dxc6 Qa5+ 15. Qd2 Qa6 16. Qe2 bxc6 17. Qxa6 Bxa6 18. Kd2 Rab8 19. Bc3 c5 20. Bd5+ {Kovalyov,A (2599)-Hebert,J (2412) Montreal 2012 1-0 (62)}) 6. e3 Nf6 7. Ne2 $146 ({RR} 7. d3 O-O 8. Ne2 Nxd5 9. cxd5 Bb4+ 10. Nc3 Ne7 11. Qb3 Bxc3+ 12. bxc3 d6 13. O-O Ng6 14. f4 Kh8 15. Bd2 Bd7 16. c4 Rb8 17. Bc3 Qe7 18. Rae1 b5 19. Qa3 Rb7 20. c5 Rfb8 21. c6 b4 {Braga,C (2390)-Gerbelli Neto,E Santos 1997 ½-½ (40)}) 7... O-O 8. O-O d6 9. Nec3 Kh8 10. d3 Nxd5 11. Nxd5 Bf6 12. Bd2 Ne7 13. Nxf6 Rxf6 14. Bc3 Qe8 15. f4 Ng6 16. Qh5 Rf8 17. Rae1 Qf7 18. b3 c6 19. e4 exf4 20. gxf4 Bd7 21. Re3 fxe4 22. f5 Ne5 23. Qxf7 Rxf7 24. dxe4 Rf6 25. Rd1 Re8 26. c5 Rh6 27. Rg3 d5 28. exd5 cxd5 29. Rxd5 1-0

[Event "45th FIDE Chess Olympiad Open"]
[Site "Budapest, Hungary"]
[Date "2024.09.11"]
[Round "1.112"]
[White "Blijstra, Willem"]
[Black "Sonis, Francesco"]
[Result "0-1"]
[WhiteElo "2063"]
[BlackElo "2554"]
[PlyCount "62"]
[EventDate "2024.??.??"]
[WhiteTeam "Netherlands Antilles"]
[BlackTeam "Italy"]
[WhiteTeamCountry "AHO"]
[BlackTeamCountry "ITA"]
[WhiteClock "0:24:25"]
[BlackClock "0:47:41"]

1. d4 Nf6 2. Bf4 e6 3. e3 b6 4. Nf3 Be7 5. Bd3 Bb7 6. h3 c5 7. Nbd2 cxd4 8. exd4 O-O 9. O-O d6 10. c4 ({RR} 10. Bh2 Nc6 11. c3 Qc7 12. Re1 Rad8 13. Qe2 Rfe8 14. Nc4 Qb8 15. a4 Bf8 16. Qc2 g6 17. Qb3 Na5 18. Nxa5 Bxf3 19. gxf3 bxa5 20. Qxb8 Rxb8 21. Re2 Rb6 22. Bf4 Reb8 23. Bc1 h5 24. Rc2 Kh7 {Kourkoulos Arditis,S (2556)-Yang,K (2096) chess.com INT 2024 1-0 (60)}) 10... d5 $146 ({RR} 10... Nc6 11. Qe2 d5 12. Rfd1 dxc4 13. Nxc4 Nb4 14. Bb1 Rc8 15. Nfe5 Ba6 16. a3 Nc6 17. Nxc6 Rxc6 18. Bd3 Nd5 19. Bg3 Qc8 20. Ne3 Bxd3 21. Nxd5 Bxe2 22. Nxe7+ Kh8 23. Nxc8 Rfxc8 24. Rd2 Rc2 {½-½ (24) Stork,O (2353)-Berin,A (2140) Basel SUI 2023}) 11. b3 Nc6 12. Rc1 Ba3 13. Rb1 Bb4 14. Be3 Rc8 15. Ne5 Be7 16. Nxc6 Bxc6 17. Rc1 dxc4 18. bxc4 Qd6 19. Qb3 Rfd8 20. Rfd1 Qd7 21. Bc2 b5 22. cxb5 Bxb5 23. Qb1 Ba3 24. Nb3 Bxc1 25. Rxc1 Ba4 26. Nc5 Bxc2 27. Nxd7 Bxb1 28. Nxf6+ gxf6 29. Rxb1 Rb8 30. Rd1 Rb2 31. Ra1 Rdb8 0-1

[Event "45th FIDE Chess Olympiad Open"]
[Site "Budapest, Hungary"]
[Date "2024.09.11"]
[Round "1.113"]
[White "Chinchilla, Alejandro Jose"]
[Black "Stremavicius, Titas"]
[Result "0-1"]
[WhiteElo "2113"]
[BlackElo "2527"]
[PlyCount "58"]
[EventDate "2024.??.??"]
[WhiteTeam "Honduras"]
[BlackTeam "Lithuania"]
[WhiteTeamCountry "HON"]
[BlackTeamCountry "LTU"]
[WhiteClock "0:00:32"]
[BlackClock "0:31:57"]

1. e4 c5 2. Nf3 Nc6 3. d4 cxd4 4. Nxd4 Nf6 5. Nc3 d6 6. Bg5 Bd7 7. Qd2 a6 8. O-O-O e6 9. f4 b5 10. Bxf6 gxf6 11. Kb1 Qb6 12. Nxc6 ({RR} 12. Nf3 b4 13. Ne2 h5 14. f5 e5 15. Nc1 Na5 16. Nb3 Bc6 17. Bd3 Bh6 18. Qe1 Ke7 19. Nxa5 Qxa5 20. Bc4 Qc5 21. Bd5 Rhc8 22. Bxc6 Rxc6 23. Qe2 Qc4 24. Rd3 Rac8 25. Ne1 h4 26. g3 a5 {Alekseev,E (2645)-Lupulescu,C (2649) Riga 2019 1-0 (40)}) ({RR} 12. Nf3 b4 13. Ne2 a5 14. f5 a4 15. fxe6 fxe6 16. g3 O-O-O 17. Bh3 Ne5 18. Nfd4 Re8 19. Rhf1 Bg7 20. Nf4 Bh6 21. Qe1 Bxf4 22. Rxf4 Rhf8 23. Qe2 Qc5 24. c3 Kb8 25. cxb4 Qxb4 26. Nc2 Qb6 {Nissinen,N (2105)-Jain,K (2311) chess.com INT 2024 1-0 (39)}) 12... Bxc6 13. Qd3 h5 14. g3 $146 ({RR} 14. a3 Rb8 15. f5 Be7 16. Ne2 b4 17. Nd4 bxa3 18. b3 Bd7 19. Ka2 e5 20. Ne2 Bb5 21. c4 Bc6 22. Rb1 Qf2 23. Qf3 Qc5 24. Nc3 Kd7 25. Be2 a5 {½-½ (25) Urban,K (1931)-Riegler,D (2085) Dresden 2014}) 14... b4 15. Ne2 f5 16. Bg2 Qb7 17. Nd4 Bxe4 18. Bxe4 fxe4 19. Qb3 d5 20. c4 O-O-O 21. Rc1 Bc5 22. cxd5 Rxd5 23. Qc4 Kb8 24. Nb3 Be3 25. Rce1 Ba7 26. a3 Rc8 27. Qxb4 Rb5 28. Qd6+ Ka8 29. Rc1 Rxc1+ 0-1

[Event "45th FIDE Chess Olympiad Open"]
[Site "Budapest, Hungary"]
[Date "2024.09.11"]
[Round "1.114"]
[White "Pultinevicius, Paulius"]
[Black "Colindres, Daniel"]
[Result "1-0"]
[WhiteElo "2587"]
[BlackElo "2079"]
[PlyCount "91"]
[EventDate "2024.??.??"]
[WhiteTeam "Lithuania"]
[BlackTeam "Honduras"]
[WhiteTeamCountry "LTU"]
[BlackTeamCountry "HON"]
[WhiteClock "0:02:52"]
[BlackClock "0:22:12"]

1. d4 Nf6 2. c4 e6 3. Nc3 Bb4 4. Qb3 c5 5. dxc5 Nc6 6. Nf3 O-O ({RR} 6... Qa5 7. Bd2 Qxc5 8. e3 O-O 9. a3 Bxc3 10. Bxc3 Ne4 11. Bd3 Nxc3 12. Qxc3 b6 13. O-O Bb7 14. Rfd1 Rac8 15. Rac1 Rfd8 16. b4 Qf8 17. c5 Nb8 18. Qd4 Bxf3 19. gxf3 bxc5 20. Rxc5 Rxc5 21. Qxc5 {Piket,J (2605)-Ljubojevic,L (2600) Monte Carlo 1994 ½-½ (45)}) 7. a3 ({RR} 7. g3 Ne4 8. Bd2 Nxd2 9. Nxd2 b6 10. Bg2 bxc5 11. O-O Bb7 12. Rac1 Rb8 13. Qd1 Qe7 14. Nb3 Bxc3 15. Rxc3 Ne5 16. Qc2 d6 17. Rd1 Bxg2 18. Kxg2 Rb4 19. f4 Ng4 20. Kg1 d5 21. cxd5 exd5 {Del Rio de Angelis,S (2397)-Amador Garcia,I (2172) Santa Cruz de La Palma ESP 2024 0-1}) 7... Bxc5 8. Bg5 Nd4 $146 ({RR} 8... Be7 9. e3 b6 10. Be2 Bb7 11. Qa2 Rc8 12. O-O Qc7 13. Bf4 d6 14. Rac1 Qb8 15. h3 Ne5 16. Nxe5 dxe5 17. Bg3 Qa8 18. f3 e4 19. f4 Bc5 20. Bf2 a5 21. Na4 Nd7 22. Qb3 Qa7 23. Kh2 {Mariotti,S-Andersen,B Nice 1974 ½-½ (41)}) ({RR} 8... Be7 9. e3 b6 10. Be2 Bb7 11. O-O Rc8 12. Rad1 Na5 13. Qa2 Ne4 14. Nxe4 Bxe4 15. Bxe7 Qxe7 16. b4 Bxf3 17. gxf3 Nc6 18. f4 a5 19. Qd2 axb4 20. axb4 Rc7 21. Qd6 Qxd6 22. Rxd6 Nxb4 23. Rfd1 {Pap,G (2429)-Mendonca,L (2623) chess.com INT 2023 0-1 (52)}) ({RR} 8... b6 9. e3 Bb7 10. Be2 Rc8 11. O-O Be7 12. Qa2 a6 13. Rfd1 Qc7 14. Bf4 d6 15. h3 Rfd8 16. Rac1 Nb8 17. Nd2 Nbd7 18. Qb1 Qb8 19. e4 Qa8 20. Be3 d5 21. cxd5 exd5 22. exd5 Nxd5 23. Nxd5 {Messner,H (2240)-Rau,J (2175) Wuerttemberg 1998 1-0 (40)}) 9. Nxd4 Bxd4 10. e3 Qa5 11. exd4 Qxg5 12. Nb5 d5 13. c5 e5 14. Qe3 Qxe3+ 15. fxe3 exd4 16. exd4 Re8+ 17. Kd2 Ne4+ 18. Kc2 Nf2 19. Nd6 Re3 20. Rg1 Ne4 21. Nxc8 Rxc8 22. b4 Rc6 23. Bd3 Nf2 24. Rge1 Rce6 25. Rxe3 Rxe3 26. Bf5 g6 27. Kd2 Re7 28. Rf1 Ne4+ 29. Bxe4 Rxe4 30. Kd3 Kf8 31. b5 f5 32. g3 Ke7 33. a4 Kd7 34. a5 Kc7 35. Rb1 f4 36. gxf4 Rxf4 37. b6+ axb6 38. axb6+ Kc6 39. Re1 Rf3+ 40. Re3 Rf2 41. Re7 Rxh2 42. Rc7+ Kb5 43. Rxb7 Rh3+ 44. Ke2 Rh4 45. Rc7 Rh2+ 46. Kf3 1-0